000
00278nam a22001097a 4500
008
160519b xxu||||| |||| 00| 0 eng d
020
_a
0683062123
041
_a
eng
080
_a
61
245
_a
Introduction to clinical medicine:
_c
Janice L. Willms, Judy Lewis;
942
_2
udc
_c
BK
999
_c
2264
_d
2264